000 00535nam a2200157 i 4500
001 52827
003 ES-MaACL
007 t|
008 030905s1946 ag ||||1| spa d
100 1 _aDefilippo, Rodolfo A.
_943203
245 1 0 _aTrabajos prácticos de anatomía patológica
_b: macroscopia y microscopia /
_cRodolfo A. Defilippo, Mauricio Rapaport.
250 _a2ª ed.
260 _aBuenos Aires :
_bVázquez,
_c1946 (
_fImpresora Argentina)
300 _a457 p., 2 lám. :
_bil. ;
_c23 cm.
852 _aES-MaACL
_jE-2134
_bR.22840
999 _c52827
_d52827